| 000 | 00913nam a2200265Ia 4500 | ||
|---|---|---|---|
| 008 | 220204s9999 xx 000 0 und d | ||
| 082 |
_a577.2:632.9 _bARN |
||
| 100 | _aArntzen, Charles J | ||
| 245 | 0 | _aMolecular strategies for crop protection: Proceedings of a DuPont-UCLA symposium on molecular strategies for cropprotection held in Steamboat Springs, Colarado, March 30 -April 6, 1986 | |
| 260 |
_aNew York _bAlan R Liss _c1987 |
||
| 490 | _aUCLA symposia on molecular and cellular biology V 48 | ||
| 650 | _aCrop protection | ||
| 650 | _aEnvironmental stress | ||
| 650 | _aHost vs nonhost resistance | ||
| 650 | _aInsect protection | ||
| 650 | _aMicroorganisms | ||
| 650 | _aMolecular biology | ||
| 650 | _aMonoclonal antibodies | ||
| 650 | _aRNA processing | ||
| 650 | _aSoilborne pathogen | ||
| 650 | _aTobacco | ||
| 650 | _aVirus protection | ||
| 700 | _aRyan, Clarence | ||
| 942 | _cBK | ||
| 999 |
_c39672 _d39672 |
||